Beginning algebra / (Record no. 26485)

000 -LEADER
fixed length control field 01044cam a2200277 a 4500
001 - CONTROL NUMBER
control field 16892053
005 - DATE AND TIME OF LATEST TRANSACTION
control field 20170204125752.0
008 - FIXED-LENGTH DATA ELEMENTS--GENERAL INFORMATION
fixed length control field 110727s2013 nyua 001 0 eng
010 ## - LIBRARY OF CONGRESS CONTROL NUMBER
LC control number 2011030527
020 ## - INTERNATIONAL STANDARD BOOK NUMBER
International Standard Book Number 9780073384276 (hard copy : alk. paper)
020 ## - INTERNATIONAL STANDARD BOOK NUMBER
International Standard Book Number 0073384275 (hard copy : alk. paper)
050 00 - LIBRARY OF CONGRESS CALL NUMBER
Classification number QA152.3 .H335 2013
100 1# - MAIN ENTRY--PERSONAL NAME
Personal name Hendricks, Andrea.
245 10 - TITLE STATEMENT
Title Beginning algebra /
Statement of responsibility, etc. Andrea Hendricks, Oiyin Pauline Chow.
250 ## - EDITION STATEMENT
Edition statement 1st ed.
260 ## - PUBLICATION, DISTRIBUTION, ETC. (IMPRINT)
Place of publication, distribution, etc. New York :
Name of publisher, distributor, etc. McGraw-Hill,
Date of publication, distribution, etc. c2013.
300 ## - PHYSICAL DESCRIPTION
Extent xxxv, 710 p., [various pages] :
Other physical details ill.(some col.) ;
Dimensions 28 cm.
500 ## - GENERAL NOTE
General note Includes index.
650 #0 - SUBJECT ADDED ENTRY--TOPICAL TERM
Topical term or geographic name as entry element Algebra.
700 1# - ADDED ENTRY--PERSONAL NAME
Personal name Chow, Oiyin Pauline.
942 ## - ADDED ENTRY ELEMENTS (KOHA)
Source of classification or shelving scheme
Koha item type Hard Covered Materials
Holdings
Withdrawn status Lost status Source of classification or shelving scheme Damaged status Not for loan Home library Current library Shelving location Date acquired Source of acquisition Total Checkouts Full call number Barcode Date last seen Price effective from Koha item type
          MACHAKOS UNIVERSITY LIBRARY MACHAKOS UNIVERSITY LIBRARY Technical section 04/02/2017 Donation(BFA)   QA152.3 .H335 2013 33781 23/07/2018 04/02/2017 Hard Covered Materials
© Machakos University Library, Along The Highway, Machakos Wote Rd, Machakos, Kenya P.O. Box 136 - 90100 Machakos - Kenya

Tel: ( +254 ) 723 805829 OR Fax : 044-20353 OR Email: library@mksu.ac.ke